English for Negotiating

Saved in:
Bibliografiske detaljer
Main Authors: Lafond, Charles (Author), Vine, Sheila (Author), Welch, Birgit (Author)
Format: Bog
Sprog:engelsk
Udgivet: Oxford Oxford University Press 2010
Serier:The Express Series
Fag:
Tags: Tilføj Tag
Ingen Tags, Vær først til at tagge denne postø!

MARC

LEADER 00000cam a2200000 a 4500
001 UCF9209
003 CL-VaPUC
008 131025e20100000uk |||||||||||||||||eng|d
020 |a 9780194579506 
082 0 4 |a 428  |b LAF  |2 21 
100 0 |a Lafond, Charles  |e author  |9 571455 
700 0 |a Vine, Sheila  |e author  |9 571456 
700 0 |a Welch, Birgit  |e author  |9 571457 
245 1 0 |a English for Negotiating 
300 |a 88 p 
942 |c BK 
945 |d 20131025 12:28:00  |a dcastane 
260 |a Oxford  |b Oxford University Press  |c 2010 
500 |a Incluye CD 
650 0 |a Inglés comercial  |9 323356 
650 0 |a Inglés técnico  |9 326365 
583 |a last modification  |c 20131025 12:28:00  |k Rodrigo Vera 
490 0 |a The Express Series 
999 |c 353683  |d 353681 
952 |0 0  |1 0  |3 erb  |4 0  |6 428_000000000000000_LAF_2010  |7 0  |8 A  |9 459043  |a BIBEDU  |b BIBEDU  |d 2019-11-23  |i 502403K  |o 428 LAF 2010  |p 502403K  |r 2019-11-23  |w 2019-11-23  |y BK  |z Catalogado en:20131025  |k LIT 
952 |0 0  |1 0  |3 erb  |4 0  |6 428_000000000000000_LAF_2010  |7 0  |8 A  |9 459044  |a BIBEDU  |b BIBEDU  |d 2019-11-23  |i 5024048  |o 428 LAF 2010  |p 5024048  |r 2019-11-23  |w 2019-11-23  |y BK  |z Catalogado en:20131025  |k LIT